000 00860nam a2200241 a 4500
001 25149
003 BD-RjUL
005 20211209050834.0
008 160901s1999 bg b 00100 eng
035 _a(BD-RjUL)25218
040 _aBD-RjUL
_beng
_cBD-RjUL
041 _aeng
082 0 0 _a016.61394
_223
_bBAR 1999
110 _aBangladesh Medical Research Council (BMRC)
_9154474
245 _aReproductive Health Research Bibliography /
_cBangladesh Medical Research Council (BMRC) ; compiled by Harun-Ar-Rashid
260 _aDhaka :
_bBangladesh Medical Research Council (BMRC),
_c1999
300 _alxvi, 557, xxviii p. ;
_c24 cm.
650 _aReproductive Health
_vBibliography
_9154475
651 0 _aIndia
_xPolitics and government.
_977369
651 0 _aIndia
_xHistory, Military.
_977370
700 _aHarun-Ar-Rashid, comp.
_9154476
942 _2ddc
_cREF
999 _c25149
_d25149